000 006450000a22001690004500
008 230817t ||||| |||| 00| 0 eng d
020 _a0912917512
082 _a305.4
_bBRI
245 _aBringing equality home:
_bimplementing the convention on the ellimination of all forms of discrimination against women
260 _aNew York:
_bUnited Nations development fund for women,
_c1998
300 _a45 p. : ill.
_bBibliography included
650 _aWOMEN'S RIGHTS
650 _aGender discrimination
700 _aLandsberg-Lewis, Ilana
_eed.
856 _uhttps://iknowpolitics.org/sites/default/files/bringingequalityhome_eng.pdf
942 _cRP
999 _c3139
_d3139